[Event "Regionalliga NW 9899"]
[Site "Bayern"]
[Date "1999.??.??"]
[Round "7.1"]
[White "Ott, Michael"]
[Black "Strobel, Walter"]
[Result "1/2-1/2"]
[WhiteElo "2055"]
[BlackElo "2059"]
[PlyCount "90"]
[EventDate "1998.??.??"]
[EventType "team-tourn"]
[EventRounds "9"]
[EventCountry "GER"]
[SourceTitle "EXT 2020"]
[Source "ChessBase"]
[SourceDate "2019.10.17"]
[SourceVersion "1"]
[SourceVersionDate "2019.10.17"]
[SourceQuality "1"]
[WhiteTeam "Mainaschaff"]
[BlackTeam "Klingenberg"]
[WhiteTeamCountry "GER"]
[BlackTeamCountry "GER"]

1. Nf3 Nf6 2. d4 d5 3. Bf4 c5 4. e3 Qb6 5. Qc1 Nc6 6. c3 Bf5 7. Nbd2 Rc8 8. Nb3 Ne4 9. dxc5 Nxc5 10. Nxc5 Qxc5 11. Qd2 e6 12. Be2 Be7 13. 0-0 0-0 14. Rfd1 Qb6 15. Nd4 Bg6 16. Nxc6 Rxc6 17. a4 a6 18. Be5 Rfc8 19. a5 Qd8 20. c4 f6 21. Bg3 Rc5 22. b3 Be4 23. f3 Bg6 24. Bf2 R5c7 25. Bg3 Rd7 26. Kh1 Bf7 27. b4 Bd6 28. Bf2 dxc4 29. Rac1 e5 30. e4 Qe7 31. Bc5 Rcd8 32. Bb6 Bc7 33. Qe3 Bxb6 34. Qxb6 Rxd1+ 35. Bxd1 h6 36. h3 Rd4 37. b5 Qd7 38. Ba4 axb5 39. Bxb5 Qc8 40. Kh2 c3 41. a6 bxa6 42. Bxa6 Qe6 43. Qxe6 Bxe6 44. Rxc3 Kf7 45. Rc7+ Rd7 1/2-1/2

[Event "Regionalliga NW 9899"]
[Site "Bayern"]
[Date "1998.??.??"]
[Round "2.1"]
[White "Ott, Michael"]
[Black "Jahrsdoerfer, Gerd"]
[Result "1/2-1/2"]
[WhiteElo "2055"]
[BlackElo "2040"]
[PlyCount "55"]
[EventDate "1998.??.??"]
[EventType "team-tourn"]
[EventRounds "9"]
[EventCountry "GER"]
[SourceTitle "EXT 2020"]
[Source "ChessBase"]
[SourceDate "2019.10.17"]
[SourceVersion "1"]
[SourceVersionDate "2019.10.17"]
[SourceQuality "1"]
[WhiteTeam "Mainaschaff"]
[BlackTeam "Bad Neustadt"]
[WhiteTeamCountry "GER"]
[BlackTeamCountry "GER"]

1. Nf3 d5 2. d4 Nf6 3. Bf4 e6 4. e3 Bd6 5. Bg3 0-0 6. Bd3 b6 7. Qe2 Bb7 8. Nbd2 c5 9. c3 Qc7 10. Bxd6 Qxd6 11. e4 dxe4 12. Nxe4 Nxe4 13. Bxe4 Bxe4 14. Qxe4 Nd7 15. Rd1 Rfd8 16. 0-0 Rac8 17. Rfe1 Nf6 18. Qe2 Qc7 19. dxc5 Qxc5 20. Rxd8+ Rxd8 21. Rd1 Rxd1+ 22. Qxd1 h6 23. Qd8+ Kh7 24. Qd3+ Kg8 25. h3 e5 26. Qf5 Qd5 27. Qc8+ Kh7 28. Qf5+ 1/2-1/2

[Event "Regionalliga NW 9899"]
[Site "Bayern"]
[Date "1998.??.??"]
[Round "1.2"]
[White "Ott, Michael"]
[Black "Sadeghi, Behrang"]
[Result "1-0"]
[WhiteElo "2055"]
[BlackElo "2095"]
[PlyCount "117"]
[EventDate "1998.??.??"]
[EventType "team-tourn"]
[EventRounds "9"]
[EventCountry "GER"]
[SourceTitle "EXT 2020"]
[Source "ChessBase"]
[SourceDate "2019.10.17"]
[SourceVersion "1"]
[SourceVersionDate "2019.10.17"]
[SourceQuality "1"]
[WhiteTeam "Mainaschaff"]
[BlackTeam "Burgsinn"]
[WhiteTeamCountry "GER"]
[BlackTeamCountry "GER"]

1. Nf3 c5 2. g3 d5 3. Bg2 Nc6 4. 0-0 e5 5. d3 f6 6. e4 d4 7. Nh4 Be6 8. f4 Qd7 9. Qh5+ Bf7 10. Qe2 Nge7 11. Nd2 Ng6 12. Nf5 h5 13. Nf3 0-0-0 14. a3 Re8 15. Qf2 Nge7 16. N5h4 Ng6 17. Nxg6 Bxg6 18. Bd2 Bd6 19. b4 c4 20. dxc4 exf4 21. gxf4 Bxe4 22. b5 Nd8 23. Qxd4 b6 24. Bb4 Bxf4 25. Qf2 Bb7 26. Kh1 h4 27. Rad1 Qg4 28. h3 Qe6 29. c5 bxc5 30. Qxc5+ Kb8 31. Rde1 Qc8 32. Qxc8+ Kxc8 33. Rxe8 Rxe8 34. Nxh4 Bxg2+ 35. Kxg2 Bc7 36. Nf5 Re5 37. c4 Ne6 38. Ne7+ Kb7 39. Nd5 Rg5+ 40. Kh1 Bb8 41. Rf3 Nd4 42. Re3 Nf5 43. Re8 Nh4 44. c5 Rxd5 45. c6+ Kb6 46. Rxb8+ Kc7 47. Rb7+ Kc8 48. Rxa7 Rxb5 49. Bd6 Rb1+ 50. Kh2 Rb2+ 51. Kg1 Nf3+ 52. Kh1 Rb1+ 53. Kg2 Nh4+ 54. Kf2 Rb2+ 55. Ke1 Rb1+ 56. Ke2 Rb2+ 57. Kd1 Rb1+ 58. Kc2 Rb8 59. Rxg7 1-0